Conversations on When everything is missions : (Record no. 11090)
[ view plain ]
| 000 -LEADER | |
|---|---|
| fixed length control field | 01342nam a22002057a 4500 |
| 003 - CONTROL NUMBER IDENTIFIER | |
| control field | GBCCL |
| 005 - DATE AND TIME OF LATEST TRANSACTION | |
| control field | 20251204111547.0 |
| 008 - FIXED-LENGTH DATA ELEMENTS--GENERAL INFORMATION | |
| fixed length control field | 251204b |||||||| |||| 00| 0 eng d |
| 020 ## - INTERNATIONAL STANDARD BOOK NUMBER | |
| International Standard Book Number | 9780985219277 |
| 020 ## - INTERNATIONAL STANDARD BOOK NUMBER | |
| International Standard Book Number | 0985219270 |
| 040 ## - CATALOGING SOURCE | |
| Transcribing agency | GBC |
| 082 ## - DEWEY DECIMAL CLASSIFICATION NUMBER | |
| Classification number | 266 |
| Item number | CON 1 |
| 245 ## - TITLE STATEMENT | |
| Title | Conversations on When everything is missions : |
| Remainder of title | recovering the mission of the church / |
| Statement of responsibility, etc. | edited by Denny Spitters & Matthew Ellison |
| 260 ## - PUBLICATION, DISTRIBUTION, ETC. | |
| Place of publication, distribution, etc. | [Place of publication not identified], |
| Name of publisher, distributor, etc. | Pioneers USA ; Sixteen:fifteen, |
| Date of publication, distribution, etc. | 2020 |
| 300 ## - PHYSICAL DESCRIPTION | |
| Extent | 145 pages ; |
| Other physical details | 22 cm |
| 505 ## - FORMATTED CONTENTS NOTE | |
| Formatted contents note | "In their first book, When Everything Is Missions, Denny Spitters and Matthew Ellison called us to refocus our gaze on the gospel and the Great Commission. The authors raised seven questions that shape how we think about and carry out the global mission of the Church. In this followup book, Conversations on When Everything Is Missions, more than 15 contributors add their voices. Each brings research, analysis and experience to the table. They reflect on how we got to the place where many sincere Christians believe everything is missions and address what it might take to put the gospel and the Great Commission back at the center of our global outreach efforts."--Publisher |
| 650 ## - SUBJECT ADDED ENTRY--TOPICAL TERM | |
| Topical term or geographic name entry element | Great Commission (Bible) |
| 650 ## - SUBJECT ADDED ENTRY--TOPICAL TERM | |
| Topical term or geographic name entry element | Mission of the church |
| 942 ## - ADDED ENTRY ELEMENTS (KOHA) | |
| Source of classification or shelving scheme | Dewey Decimal Classification |
| Koha item type | Books |
| Suppress in OPAC | No |
| Withdrawn status | Lost status | Source of classification or shelving scheme | Damaged status | Not for loan | Home library | Current Library | Shelving location | Date acquired | Total checkouts | Full call number | Barcode | Date last seen | Copy number | Price effective from | Koha item type |
|---|---|---|---|---|---|---|---|---|---|---|---|---|---|---|---|
| Dewey Decimal Classification | GRACE BIBLE COLLEGE | GRACE BIBLE COLLEGE | Ministry & Mission | 2025-12-04 | 266 CON | 017394 | 2025-12-04 | c.1 | 2025-12-04 | Books |